World Cities by Letter A - Picture Quiz - Statistics

General Stats
  • This quiz has been taken 235 times
  • The average score is 6 of 18
Answer Stats
Picture Answer % Correct
Amsterdam
98%
Athens
92%
Agra
85%
Alexandria
60%
Atlanta
48%
Addis Ababa
35%
Astana
35%
Auckland
34%
Acapulco
22%
Amman
20%
Aachen
18%
Andorra la Vella
14%
Asuncion
12%
Ankara
11%
Abuja
10%
Annapolis
9%
Adelaide
7%
Avignon
7%
No matching quizzes found
Score Distribution
Percent of People with Each Score
Percentile by Number Answered
Your Score History
You have not taken this quiz